Memorias de Gestión agosto 2013-febrero2015 (Record no. 7964)

MARC details
000 -LEADER
campo de control de longitud fija 00394nam a2200133Ia 4500
001 - NÚMERO DE CONTROL
campo de control 4063
008 - DATOS DE LONGITUD FIJA--INFORMACIÓN GENERAL
campo de control de longitud fija 241024s9999 xx 000 0 und d
082 ## - NÚMERO DE LA CLASIFICACIÓN DECIMAL DEWEY
Número de clasificación RD/725.97293/R426m/2013-2016
100 ## - ENTRADA PRINCIPAL--NOMBRE DE PERSONA
Nombre de persona República Dominicana. Ministerio de Obras Públicas
245 #0 - MENCIÓN DEL TÍTULO
Título Memorias de Gestión agosto 2013-febrero2015
260 ## - PUBLICACIÓN, DISTRIBUCIÓN, ETC.
Nombre del editor, distribuidor, etc. Santo Domingo
Fecha de publicación, distribución, etc. 2015
901 ## - ELEMENTOS DE DATOS A LOCAL LDA (RLIN)
a 9/3/2016 11:36:58 a.m.

No items available.

© 2024. Todos los Derechos Reservados. Desarrollado por IDEICE